Древна Тракия (Запис номер 208977)
[ съкратено ]
| 000 -Лидер | |
|---|---|
| Контролно поле с фиксирана дължина | 02558nkm a2200517 a 4500 |
| 003 - Код на организацията, давaща контролен номер | |
| Контролно поле | BLK |
| 005 - Дата и час на последна редакция | |
| Контролно поле | 20250119004114.0 |
| 008 - Елементи от данни с фиксирана дължина | |
| fixed length control field | 180412b bul rap|r|||| r0| ||bulo| |
| 010 ## - Наследен системен номер | |
| LC control number | KNG00077480000 |
| 020 ## - Международен стандартен номер на книга ISBN | |
| Международен стандартен номер на книга ISBN | 954-516-533-2 |
| 040 ## - Източник на каталожния запис | |
| Идентификатор на билиотеката - собственик на записа | BLK |
| 041 ## - Код за език | |
| Код за езика на текст/звукозапис или на отделно заглавие | Български |
| Код за езика КДБФ | Български |
| 080 ## - УДК | |
| Текстов определител УДК | Художествени изделия от злато, сребро, платина. Златарско изкуство - Техника (гравиране, насичане, инкрустиране, филигран и др.), марки на златари и др. |
| УДК код - определител по УДК | 739.1 |
| УДК определител | (398) |
| УДК - код + определител | 739.1(398) |
| 080 ## - УДК | |
| Текстов определител УДК | Изобразителни изкуства и художествени занаяти |
| УДК код - определител по УДК | 73/76 |
| УДК определител | .032(398)(084) |
| УДК - код + определител | 73/76.032(398)(084) |
| 080 ## - УДК | |
| Текстов определител УДК | Паметници на културата на историческите периоди. Археологическите паметници. Старини |
| УДК код - определител по УДК | 904 |
| УДК определител | (497.2=919.885)(084) |
| УДК - код + определител | 904(497.2=919.885)(084) |
| 080 ## - УДК | |
| Текстов определител УДК | Тракийски племена и тракийска държава (V в. пр. н. е. -V в. от н. е. ) |
| УДК код - определител по УДК | 94(497.2)"-04/+04" |
| УДК определител | (084) |
| УДК - код + определител | 94(497.2)"-04/+04"(084) |
| 100 1# - Редна дума - Автор | |
| Автор | Маразов, Иван Русев |
| Дати, свързани с автора | 1942 - |
| Автор - информация (биография) | Изкуствовед, културолог, траколог. |
| R(LIN) | 92502 |
| 139 ## - Редно поле | |
| Редна дума | Маразов, Иван Русев |
| Авторски знак | Мар - М 29 |
| 245 10 - Сведения за заглавието | |
| Заглавие | Древна Тракия |
| Редно поле (дума) | Иван Русев Маразов. |
| 257 ## - Страна на издаване | |
| Страна на създаване/издаване | България |
| 260 ## - Област на издателските данни | |
| Име на издателя, разпространителя и проч. | Летера |
| Година на издаване | 2005 |
| Печатница | София : Лито Балкан |
| Място на издаване, разпространение и проч. | София |
| 300 ## - Физическа характеристика | |
| Страници | 191 с. |
| Илюстрации и др. | с цв. ил. |
| Размери/Мащаб | 30 см |
| 380 ## - Жанр | |
| Жанр | Изкуство |
| 490 ## - СЕРИИ (Колекции) | |
| Име на серия | Поредица Луксозни албуми |
| 9 (RLIN) | 203549 |
| 500 ## - Общи забележки | |
| Забележка | Авт. не е отбелязан на кор. |
| 650 #4 - Допълнително описание по предмет – тема | |
| Основно описание – тема или топоним | Изобразително изкуство - албуми |
| 9 (RLIN) | 257551 |
| 650 #4 - Допълнително описание по предмет – тема | |
| Основно описание – тема или топоним | Траки - история и култура |
| 9 (RLIN) | 266676 |
| 650 #0 - Допълнително описание по предмет – тема | |
| Основно описание – тема или топоним | България - история |
| 9 (RLIN) | 244493 |
| 651 #4 - Допълнително описание по предмет - топоним | |
| Географско понятие | Древна Тракия |
| 9 (RLIN) | 245252 |
| 651 #4 - Допълнително описание по предмет - топоним | |
| Географско понятие | България |
| 9 (RLIN) | 241624 |
| 653 ## - Ключова дума – ненормативна | |
| Ключова дума | изобразително изкуство |
| 653 ## - Ключова дума – ненормативна | |
| Ключова дума | старини |
| 653 ## - Ключова дума – ненормативна | |
| Ключова дума | история |
| 653 ## - Ключова дума – ненормативна | |
| Ключова дума | траки |
| 653 ## - Ключова дума – ненормативна | |
| Ключова дума | златни предмети |
| 653 ## - Ключова дума – ненормативна | |
| Ключова дума | сребърни предмети |
| 653 ## - Ключова дума – ненормативна | |
| Ключова дума | платина |
| 852 ## - Местоположение | |
| Форматна сигнатура | Цб ІІ 27174 |
| 856 4# - Електронен адрес и достъп | |
| Електронен формат | pdf - файл |
| Път до файла /url/ | |
| 856 4# - Електронен адрес и достъп | |
| Електронен формат | pdf - файл |
| Път до файла /url/ | |
| 999 ## - СИСТЕМНИ КОНТРОЛНИ НОМЕРА | |
| Koha biblionumber | 208977 |
| Koha biblioitemnumber | 208977 |
| 942 ## - АРТИКУЛИ | |
| Вид на библиотечния материал | Графични издания |
| Скрит в OPAC | Не |
| Периодичен библиозапис | Да |
| 944 ## - СЪЗДАВАНЕ И РЕДАКЦИЯ на ЗАПИСА | |
| Създаване/Редакция | Създаване |
| Дата на регистрацията/редакция | 16.08.2007 |
| Служител, извършил регистрацията/редакцията | |
| Статус, дата на статуса | CRON CRON |
| 944 ## - СЪЗДАВАНЕ И РЕДАКЦИЯ на ЗАПИСА | |
| Създаване/Редакция | Редакция |
| Дата на регистрацията/редакция | 20.10.2008 |
| 944 ## - СЪЗДАВАНЕ И РЕДАКЦИЯ на ЗАПИСА | |
| Създаване/Редакция | Редакция |
| Дата на регистрацията/редакция | 2021-02-16 |
| Служител, извършил регистрацията/редакцията | ВК |
| 999 ## - СИСТЕМНИ КОНТРОЛНИ НОМЕРА | |
| Koha biblioitemnumber | 208977 |
| Код за отписване | Код за изгубен артикул | Източник на класификационната схема | Код за повреда | Коз за рестрикции | Код за отдаване | Артикулен № | Име на библиотеката - собственик | Име на библиотеката, в която се намира в момента | Статус (Текущо местоположение) | Дата на вписване в системата | Местоположение - отдел | Цена в лева | Инвентарен номер | Систематично азбучна сигнатура | Баркод | Номер на екземпляра | Цена в евро | Служебна бележка | Служебен тип на артикула |
|---|---|---|---|---|---|---|---|---|---|---|---|---|---|---|---|---|---|---|---|
| Не е изгубен | Universal Decimal Classification | Не е повреден | без рестрикции | заемане за дома | 360146 | Регионална библиотека "Любен Каравелов" Русе | Регионална библиотека "Любен Каравелов" Русе | Отдел Изкуство - подръчен фонд | 2007-08-16 | Отдел Изкуство - подръчен фонд | 85.00 | 120000716773 | 739/М 29 | 120000716773 | 1 | 43.46 | Дост: Pk Вид: Ф N: 7450 Дата: 14.08.2007 Дата инв: 03.06.2015 Бележки инв: ГрИ2015 | Графични издания | |
| Не е изгубен | Universal Decimal Classification | Не е повреден | само за читалня | ползва се в читалня | 360147 | Регионална библиотека "Любен Каравелов" Русе | Регионална библиотека "Любен Каравелов" Русе | Хранилище | 2008-09-26 | Основен фонд - ползва се само за читалня | 85.00 | 120000729694 | Цб ІІ 27174 | 120000729694 | 2 | 43.46 | Дост: Pk Вид: Ф N: 8934 Дата: 24.09.2008 | Графични издания |